Les faux bonshommes (Запис номер 422820)
[ съкратено ]
| 000 -Лидер | |
|---|---|
| Контролно поле с фиксирана дължина | nam a22 a 4500 |
| 003 - Код на организацията, давaща контролен номер | |
| Контролно поле | BLK |
| 005 - Дата и час на последна редакция | |
| Контролно поле | 20221208031114.0 |
| 008 - Елементи от данни с фиксирана дължина | |
| fixed length control field | 210702b bu |||||||||| 00| | bu d |
| 040 ## - Източник на каталожния запис | |
| Идентификатор на билиотеката - собственик на записа | BLK |
| 041 ## - Код за език | |
| Код за езика на текст/звукозапис или на отделно заглавие | Френски |
| Код за езика КДБФ | Френски |
| 080 ## - УДК | |
| Текстов определител УДК | Френска литература |
| УДК код - определител по УДК | 821.133.1 |
| УДК определител | -22 |
| УДК - код + определител | 821.133.1-22 |
| 100 ## - Редна дума - Автор | |
| R(LIN) | 1299 |
| Автор | Barrière, Théodore |
| Авторска отговорност | първи автор |
| 139 ## - Редно поле | |
| Редна дума | Barrière, Théodore |
| Авторски знак | Bar - B 24 |
| 245 ## - Сведения за заглавието | |
| Заглавие | Les faux bonshommes |
| Подзаглавни данни | Comédie en quatre actes |
| Редно поле (дума) | Théodore Barrière, Ernest Capendu |
| 257 ## - Страна на издаване | |
| Страна на създаване/издаване | Франция |
| 260 ## - Област на издателските данни | |
| 9 (RLIN) | 435395 |
| Място на издаване, разпространение и проч. | Paris |
| Име на издателя, разпространителя и проч. | Michel Lévy frères |
| Година на издаване | 1868 |
| 300 ## - Физическа характеристика | |
| Страници | 176 p. |
| Размери/Мащаб | 18 cm |
| 380 ## - Жанр | |
| Жанр | Худож. лит. |
| 490 ## - СЕРИИ (Колекции) | |
| 9 (RLIN) | 435080 |
| Име на серия | Колекция Редки и ценни издания |
| 700 ## - Други автори (авторска отговорност) | |
| Лично име | Capendu, Ernest |
| Автороска отговорност (Описва отношението между автора и произведението) | съавт. |
| 9 (RLIN) | 1445 |
| 852 ## - Местоположение | |
| Форматна сигнатура | Рф 868 |
| Фондова буква | Редки и ценни |
| 999 ## - СИСТЕМНИ КОНТРОЛНИ НОМЕРА | |
| Koha biblionumber | 422820 |
| Koha biblioitemnumber | 422820 |
| 942 ## - АРТИКУЛИ | |
| Вид на библиотечния материал | Книги |
| Скрит в OPAC | Не |
| Периодичен библиозапис | Да |
| 944 ## - СЪЗДАВАНЕ И РЕДАКЦИЯ на ЗАПИСА | |
| Създаване/Редакция | Създаване |
| Дата на регистрацията/редакция | 2021-07-02 |
| Служител, извършил регистрацията/редакцията | ВП |
| 999 ## - СИСТЕМНИ КОНТРОЛНИ НОМЕРА | |
| Koha biblioitemnumber | 422820 |
| Код за отписване | Код за изгубен артикул | Източник на класификационната схема | Код за повреда | Коз за рестрикции | Код за отдаване | Артикулен № | Име на библиотеката - собственик | Име на библиотеката, в която се намира в момента | Статус (Текущо местоположение) | Дата на вписване в системата | Местоположение - отдел | Цена в лева | Инвентарен номер | Систематично азбучна сигнатура | Баркод | Цена в евро | Служебен тип на артикула |
|---|---|---|---|---|---|---|---|---|---|---|---|---|---|---|---|---|---|
| Не е изгубен | Universal Decimal Classification | Не е повреден | само за читалня | Специални фондове ( старопечатни, редки и ценни, фонд М. Арнаудов) | 854712 | Регионална библиотека "Любен Каравелов" Русе | Регионална библиотека "Любен Каравелов" Русе | Редки и ценни | 2021-09-24 | Редки и ценни | 0.36 | 4002 | Рф 868 | 900000068382 | 0.18 | Книги |